أطلس التاريخ الإفريقي / (Record no. 6220)
[ view plain ]
| 000 -الفاتح | |
|---|---|
| حقل البيانات ثابتة الطول | 01388nac a22003131i 4500 |
| 003 - محدد رقم الضبط | |
| رقم الضبط | EG-ScBUE |
| 005 - وقت وتاريخ اخر تعامل مع التسجيلة | |
| رقم الضبط | 20240219121109.0 |
| 008 - عناصر البيانات ثابتة الطول - معلومات عامة | |
| حقل البيانات ثابتة الطول | 121211s1987 ua abo f 000 0 ara d |
| 017 ## - رقم الإيداع القانونى | |
| رقم الإيداع القانونى | 87 / 2367 |
| 020 ## - الرقم الدولى المعيارى للكتب | |
| الرقم الدولى المعيارى للكتاب | 977012879 |
| 040 ## - مصدر الفهرسة | |
| وكالة الفهرسة الأصلية | EG-ScBUE |
| لغة الفهرسة | ara |
| قواعد الوصف | rda |
| وكالة النسخ | EG-ScBUE |
| وكالة التعديل | EG-ScBUE |
| 043 ## - رمز المنطقة الجغرافية | |
| رمز المنطقة الجغرافية | f------ |
| 082 04 - رقم تصنيف ديوى العشرى | |
| رقم التصنيف | 960.0223 |
| رقم المادة | م ا ك |
| رقم الطبعة | 22 |
| 100 1# - المدخل الرئيسى - إسم شخصى | |
| الإسم الشخصى | ماكيفيدي، كولين، |
| الدور | مؤلف. |
| 9 (RLIN) | 31634 |
| 240 10 - العنوان الموحد | |
| عنوان موحد | Penguin atlas of African history. |
| لغة العمل | Arabic |
| 245 10 - بيان العنوان | |
| العنوان | أطلس التاريخ الإفريقي / |
| بيان المسئوليه,etc | تأليف كولين ماكيفيدي ؛ ترجمة مختار السويفي ؛ مراجعة محمد العزب موسى. |
| 264 #1 - النشر، التوزيع | |
| مكان الناشر او الموزع | القاهرة : |
| اسم الناشر او الموزع | الهيئة المصرية العامة للكتاب، |
| تاريخ النشر أو التوزيع | 1987. |
| 300 ## - الوصف المادى | |
| التعداد | 251 صفحة ؛ |
| تفاصيل ماديه اخرى للوعاء | إيضاحيات، خرائط، صور ؛ |
| أبعاد الوعاء | 20 سم |
| 336 ## - نوع المحتوى | |
| source | rdacontent |
| Carrier Type Term | نص |
| Content Type Code | txt |
| 337 ## - نوع الوسيط | |
| Media Type Term | بدون وسيط |
| source | rdamedia |
| Media Type Code | n |
| 338 ## - نوع الحامل أو الناقل | |
| Carrier Type Term | مجلد |
| Carrier Type Code | nc |
| source | rdacarrier |
| 546 ## - تبصرة اللغة | |
| تبصرة اللغة | النص باللغة العربية وتم ترجمته من اللغة الإنجليزية. |
| 651 #7 - المدخل الاضافى بالموضوع - اسم جغرافى | |
| الاسم الجغرافي | إفريقيا |
| التقسيم الفرعي العام | تاريخ |
| التقسيم الفرعي الزمني | العصر الحديث. |
| مصدر الرأس أو المصطلح | BUEsh |
| 9 (RLIN) | 31635 |
| 651 #7 - المدخل الاضافى بالموضوع - اسم جغرافى | |
| الاسم الجغرافي | إفريقيا |
| التقسيم الفرعي العام | خرائط. |
| مصدر الرأس أو المصطلح | BUEsh |
| 9 (RLIN) | 31636 |
| 655 ## - مصطلح تكشيفى-نوع/شكل | |
| التقسيم الفرعي الشكلي | Reading book |
| 700 1# - المدخل الاضافى - اسم شخصى | |
| الإسم الشخصى | سويفي، مختار، |
| التواريخ المصاحبة للاسم | 1933- |
| الدور | مترجم. |
| 9 (RLIN) | 31637 |
| 700 1# - المدخل الاضافى - اسم شخصى | |
| الإسم الشخصى | موسى، محمد العزب، |
| التواريخ المصاحبة للاسم | 1935- |
| الدور | مراجع. |
| 942 ## - عناصر المدخل الإضافي( كوها) | |
| Koha [default] item type | NB - Book (Non borrowing) |
| مصدر التصنيف او مخطط الترفيف | Dewey Decimal Classification |
| حالة التراجع | حالة الفقد | مصدر التصنيف او خطة الترفيف | حالة تلف | ليس للاعارة | مجموعات كوها | المكان الدائم | المكان الحالي | موقع الترفيف | تاريخ الاكتساب | Source of acquisition | رقم الاستدعاء | الباركود | Date last seen | مُعار | نوع الوعاء |
|---|---|---|---|---|---|---|---|---|---|---|---|---|---|---|---|
| Dewey Decimal Classification | Alef-Baa | Central Library | Central Library | Second Floor | 21/11/2007 | Purchase | 960.0223 م ا ك | 000007782 | 15/07/2025 | 05/09/2018 | Book - Borrowing |